| 000 | 00000nam 2200000za 4500 |
| 001 | 9.816899 |
| 003 | CaOODSP |
| 005 | 20221107142343 |
| 007 | cr ||||||||||| |
| 008 | 160809s2016 qucbd ob f000 0 fre d |
| 020 | |a978-0-660-05389-9 |
| 040 | |aCaOODSP|bfre |
| 043 | |an-cn--- |
| 086 | 1 |aEn4-280/2016F-PDF |
| 245 | 00|aAires protégées au Canada |h[ressource électronique]. |
| 246 | 1 |iEn tête du titre : |aIndicateurs canadiens de durabilité de l'environnement |
| 260 | |aGatineau, Qué. : |bEnvironnement et changement climatique Canada, |cc2016. |
| 300 | |a26 p. : |bill. |
| 500 | |aPubl. aussi en anglais sous le titre : Canada's protected areas. |
| 500 | |a« Juillet 2016. » |
| 504 | |aComprend des références bibliographiques (p. 25). |
| 692 | 07|2gccst|aAire de conservation |
| 692 | 07|2gccst|aIndicateur environnemental |
| 710 | 1 |aCanada. |bEnvironnement et changement climatique Canada. |
| 775 | 08|tCanada's protected areas |w(CaOODSP)9.816898 |
| 856 | 40|qPDF|s732 Ko|uhttps://publications.gc.ca/collections/collection_2016/eccc/En4-280-2016-fra.pdf |